Biblioteca

Gálatas (Registro nro. 47164)

Detalles MARC
000 -LÍDER
Campo fijo de descripción fija 01145nam a22002777a 4500
001 - NÚMERO DE CONTROL
Campo de control 20813
003 - IDENTIFICADOR DEL NÚMERO DE CONTROL
Campo de control CO-MdFUSB
005 - FECHA Y HORA DE LA ULTIMA TRANSACCIÓN
control field 20180622073209.0
008 - ELEMENTOS DE LONGITUD FIJA -- INFORMACIÓN GENERAL
Campo fijo de descripción fija -- Información general 180320t2014 ck ||||| |||| 00| 0 spa d
020 ## - NÚMERO INTERNACIONAL NORMALIZADO PARA LIBROS
Número Internacional Normalizado del libro 978-958-58452-1-3
040 ## - FUENTE DE CATALOGACIÓN
Agencia de catalogación original CO-MdFUSB
Idioma de catalogación spa
Agencia que realiza la transcripción CO-MdFUSB
Agencia que realiza la modificación CO-MdFUSBC
Convenciones de la descripción rda
041 ## - CÓDIGO DE IDIOMA
Código de idioma para texto/pista de sonido o título separado spa
Código de idioma original eng
082 04 - NÚMERO DE CLASIFICACIÓN DECIMAL DEWEY
Número de clasificación G 227.406 T35ga
100 1# - ASIENTO PRINCIPAL--NOMBRE PERSONAL
Nombre personal Keller, Timothy
Término relacionador autor
245 10 - TÍTULO
Título del Material Gálatas
Parte restante del título - Subtitulo : El evangelio y nada más
Mención de responsabilidad, etc. / Timothy Keller ; traducido por Cynthia Verónica Pérez de Canales
264 #4 - PRODUCCIÓN, PUBLICACIÓN, DISTRIBUCIÓN, MANUFACTURA, Y COPYRIGHT
Lugar de producción, publicación, distribución, manufactura Medellín, Colombia :
Nombre del productor, publicador, distribuidor Poiema,
Fecha de producción, publicación, distribución, manufactura, o copyright ©2014
300 ## - DESCRIPCIÓN FÍSICA
Extensión 80 páginas
336 ## - TIPO DE CONTENIDO
Fuente rdacontent
Término de tipo de contenido texto
Código de tipo de contenido txt
337 ## - TIPO DE MEDIO
Fuente rdamedia
Nombre del tipo de medio sin mediación
Código del tipo de medio n
338 ## - TIPO DE SOPORTE
Fuente rdacarrier
Nombre del tipo de soporte volumen
Código Tipo de soporte nc
500 ## - NOTA GENERAL
Nota General Título original en inglés: Galatians: Gospel matters
501 ## - NOTA DE “CON”
Nota de Contenido rústico
505 00 - NOTA DE CONTENIDO
Nota de contenido con formato preestablecido ¿Por qué estudiar Gálatas? -- El evangelio invalidado -- La unidad que da el evangelio -- El evangelio: de la A a la Z -- El evangelio y la ley -- La adopción en el evangelio -- La libertad y el fruto del evangelio -- El evangelio es suficiente -- Guía del líder
653 ## - TÉRMINO DE INDIZACIÓN - NO CONTROLADO
Término no controlado Biblia N.T. - Gálatas - Guía
942 ## - TIPO DE MATERIAL (KOHA)
Tipo de Item KOHA Libros General
Existencias
Estado de Material Estado de Perdido Estado de Dañado No para Préstamo Colección Tomo Biblioteca de Origen Biblioteca Permanente Fecha de Adquisición Total de Préstamos Total de Renovaciones Signatura Topográfica Código de Barras Última vez visto Última vez Préstado Ejemplar/Existencia Fecha de Remplazo Tipo de Material
        Colección General   Biblioteca FUSBC Biblioteca FUSBC 26/08/2015 3 10 G 227.406 T35ga 20049 04/03/2023 16/05/2022 1 26/01/2016 Libros General

Biblioteca FUSBC | Teléfono: (57+4) 349 88 10 Ext. 141| WhatsApp (+57) 3005338115 
E-mail: biblioteca@unisbc.edu.co | Calle 76 87-14 Robledo Palenque, Medellín, Colombia

Con tecnología Koha